000 00390 a2200121 4500
001 ART_12294
005 20260410161905.0
008 260409a
245 1 0 _aTesting for serial correlation in simultaneous equation models
100 1 _aPhillips, Garry D. A.
700 1 _aHarvey, Andrew C.
773 0 _tJournal of econometrics
_g- Vol. 17, NÂș 1 (sep. 1981)
_wREV11720
999 _c26242
_d26242